000 00746nam a2200241 4500
999 _c371048
_d371048
008 201207b ||||| |||| 00| 0 eng d
040 _bger
_cSTAFF
_erda
_aSTAFF
041 _ager
100 _aWuttke, Lothar A. K.:
245 _aMode und Nähen in der Mark Brandenburg.
_cLothar A.K. Wuttke
490 _aDie Mark Brandenburg
_v2021/Sonderheft
653 _aBrandenburg
653 _aNähen
653 _aNähmaschine
653 _aMode
653 _aBekleidungsindustrie
653 _aDekoration
773 _dBerlin: Die Mark Brandenburg - Verlag für Regional- und Zeitgeschichte
_g(2021) Sonderheft, S. 34-39: Abb.
_tDie Mark Brandenburg
942 _cA